<?xml version='1.0' encoding='UTF-8'?><?xml-stylesheet href='static/style.xsl' type='text/xsl'?><OAI-PMH xmlns="http://www.openarchives.org/OAI/2.0/" xmlns:xsi="http://www.w3.org/2001/XMLSchema-instance" xsi:schemaLocation="http://www.openarchives.org/OAI/2.0/ http://www.openarchives.org/OAI/2.0/OAI-PMH.xsd"><responseDate>2026-04-30T04:19:41Z</responseDate><request verb="GetRecord" identifier="oai:ebiltegia.mondragon.edu:20.500.11984/4029" metadataPrefix="marc">https://ebiltegia.mondragon.edu/oai/request</request><GetRecord><record><header><identifier>oai:ebiltegia.mondragon.edu:20.500.11984/4029</identifier><datestamp>2024-01-04T21:56:53Z</datestamp><setSpec>com_20.500.11984_1736</setSpec><setSpec>com_20.500.11984_1627</setSpec><setSpec>col_20.500.11984_1972</setSpec></header><metadata><record xmlns="http://www.loc.gov/MARC21/slim" xmlns:dcterms="http://purl.org/dc/terms/" xmlns:xsi="http://www.w3.org/2001/XMLSchema-instance" xmlns:doc="http://www.lyncode.com/xoai" xsi:schemaLocation="http://www.loc.gov/MARC21/slim http://www.loc.gov/standards/marcxml/schema/MARC21slim.xsd">
   <leader>00925njm 22002777a 4500</leader>
   <datafield ind2=" " ind1=" " tag="042">
      <subfield code="a">dc</subfield>
   </datafield>
   <datafield ind2=" " ind1=" " tag="720">
      <subfield code="a">Mondragon Unibertsitatea</subfield>
      <subfield code="e">author</subfield>
   </datafield>
   <datafield ind2=" " ind1=" " tag="260">
      <subfield code="c">2014-10-15</subfield>
   </datafield>
   <datafield ind2=" " ind1=" " tag="520">
      <subfield code="a">Gaur, hilak 15, Birth Giving lan-dinamika bateratua egin dute Humanitate eta Hezkuntza Zientzien Fakultateko Ikus-entzunezko Komunikazioa eta Enpresagintza Fakultateko Lidergo Ekintzailea eta Berrikuntza (LEINN) graduetako ikasleek Aretxabaletako campusean, EITBrekin elkarlanean. 08:30ean hasi da saioa, eta goiz osoa eman dute ikasleek EITBtik planteaturiko erronkarentzat irtenbidea bilatzen.</subfield>
   </datafield>
   <datafield ind2=" " ind1=" " tag="520">
      <subfield code="a">Hoy, 15 de octubre, los estudiantes de cuarto curso del grado en Liderazgo emprendedor e innovación de la Facultad de Empresariales y los de Comunicación Audiovisual de la Facultad de Humanidades y Ciencias de la Educación han realizado una dinámica conjunta en el campus de Aretxabaleta. La sesión de trabajo denominada Birth Giving, ha comenzado a las 08:30 y se ha llevado a cabo en colaboración con EITB. En dicha sesión los estudiantes se han esforzado en dar solución al caso planteado por los representantes del ente público de radio-televisión.</subfield>
   </datafield>
   <datafield ind2=" " ind1=" " tag="520">
      <subfield code="a">On October 15, final year students of entrepreneurship and innovation at the Faculty of Business, and of Audiovisual Communication at the Faculty of Humanities and Education carried out ​​a joint activity on the Aretxabaleta campus. The work session, called "Birth Giving", started at 08:30 and was held in collaboration with EITB. In this session students endeavored to solve a case raised by the representatives of the Basque public radio and television.</subfield>
   </datafield>
   <datafield ind1="8" ind2=" " tag="024">
      <subfield code="a">https://hdl.handle.net/20.500.11984/4029</subfield>
   </datafield>
   <datafield tag="653" ind2=" " ind1=" ">
      <subfield code="a">Humanitate eta Hezkuntza Zientzien Fakultatea</subfield>
   </datafield>
   <datafield ind2="0" ind1="0" tag="245">
      <subfield code="a">Leinn eta Ikus-entzunezko Komunikazioa graduetako ikasleen dinamika bateratua Aretxabaletan, EITBrekin elkarlanean</subfield>
   </datafield>
   <datafield ind2="0" ind1="0" tag="245">
      <subfield code="a">Estudiantes de los grados Leinn y Comunicación Audiovisual trabajan en colaboración con EITB en una dinámica conjunta</subfield>
   </datafield>
   <datafield ind2="0" ind1="0" tag="245">
      <subfield code="a">Undergraduate students from Leinn and Audiovisual communication work in collaboration with EITB</subfield>
   </datafield>
</record></metadata></record></GetRecord></OAI-PMH>